Sinh học 12

Sách giáo khoa sinh học lớp 12 được biên soạn theo chương trình cải cách giáo dục do Bộ giáo dục và Đào tạo ban hành. Nội dung gồm có phần lí thuyết và thực hành vận dụng để giải quyết các vấn đề của thực tiễn. Khi sử dụng sách học sinh p...

全面介紹

Đã lưu trong:
書目詳細資料
主要作者: Nguyễn , Thành Đạt
格式: 圖書
語言:Undetermined
出版: Hà Nội Giáo dục Việt Nam 2011
主題:
標簽: 添加標簽
沒有標簽, 成為第一個標記此記錄!
Thư viện lưu trữ: Trung tâm Học liệu Trường Đại học Cần Thơ
LEADER 01138nam a2200241Ia 4500
001 CTU_180064
008 210402s9999 xx 000 0 und d
020 |c 16000 
082 |a 570.712 
082 |b Đ110 
100 |a Nguyễn , Thành Đạt 
245 0 |a Sinh học 12 
245 0 |c Nguyễn Thành Đạt ... [et al.] (Tổng chủ biên) 
260 |a Hà Nội 
260 |b Giáo dục Việt Nam 
260 |c 2011 
520 |a Sách giáo khoa sinh học lớp 12 được biên soạn theo chương trình cải cách giáo dục do Bộ giáo dục và Đào tạo ban hành. Nội dung gồm có phần lí thuyết và thực hành vận dụng để giải quyết các vấn đề của thực tiễn. Khi sử dụng sách học sinh phải cần lưu ý cách sử dụng. 
526 |a Câu hỏi và bài tập Sinh phổ thông 
526 |b SP429 
650 |a Biology,Sinh học 
650 |x Study and teaching,Học và giảng dạy 
904 |i Phương 
980 |a Trung tâm Học liệu Trường Đại học Cần Thơ